Statistiques concernant Le Prince Philip en 10 questions

Cliquez ici pour prendre le quiz!

Statistiques générales

  • Ce quiz a été pris 59 fois
    (30 depuis la dernière actualisation)
  • Le résultat moyen est 8 sur 10

Statistiques - réponses

QuestionRéponse% Correct
Quel titre portait-il pendant 73 ans ? Un record !Duc d'Edimbourg
100%
Avec quelle Reine était-il marié ?Elisabeth II
100%
Quel jour est-il né ?10 Juin 1921
96%
Dans quel pays est t-il né ?Grèce
96%
Quel est était le nom complet du Prince Philip ?Philip Mountbatten
92%
Combien a t-il d'enfants ?4
88%
Qui était sa mère ?Alice de Battenberg
80%
Au bout de combien d'année de mariage avec sa femme est-il mort ?73 ans
56%
De quel association était-il le fondateur et premier président ?WWF-Royaume-Uni
56%
Quand est-il mort ?9 Avril 2021
32%

Distribution des résultats

Percentile par nombre de réponses

% des personnes avec chaque résultat

Votre développement - résultats

Vous n’avez pas pris ce quiz depuis la dernière actualisation